| 000 | 01138nam a22002777a 4500 | ||
|---|---|---|---|
| 005 | 20180209122457.0 | ||
| 008 | 131126b xxu||||| |||| 00| 0 eng d | ||
| 010 | _aPUN-7726 B-577423-426 B-669858 | ||
| 020 | _c275.00 | ||
| 035 | _aPN-6844 B-577423-426 | ||
| 035 | _aB-669858 | ||
| 037 | _bDBAD / PUB | ||
| 037 | _bArsee Publishers | ||
| 037 | _bstar publications/ven | ||
| 040 |
_adpl _bpn |
||
| 082 | _a921 | ||
| 100 | _aਸਵਰਨ ਚੰਦਨ | ||
| 245 |
_aਆਜ ਸੁਨ ਹੀ ਲੀਜੀਏ / _cਸਵਰਨ ਚੰਦਨ |
||
| 246 |
_aAaj sun hi lijiye _bby Swarn Chandan |
||
| 260 |
_aDelhi _bArsee Publishers _c2012 |
||
| 270 |
_bDelhi _aChandni Chowk _k011-65966481 |
||
| 300 | 4 |
_a182p. _c22ਸੇਂਮੀ (ਸਜਿਲੱਦ) |
|
| 942 |
_2ddc _cPN _h921 _mਸਵਰ |
||
| 999 |
_c80892 _d80892 |
||